Экономическая теория: учебник

Podrobná bibliografie
Další autoři: Кочетков А. А. Александр Алексеевич (редактор)
Shrnutí:В учебнике рассматриваются ключевые проблемы экономической теории, основанные на достижениях современной мировой науки и практики, с учетом специфики России. Дается представление о ведущих школах и направлениях современной экономической науки. Основное место в учебнике отведено проблемам рыночного хозяйства. Наиболее подробно рассматривается система экономических отношений и законов общественной жизни, различные типы рынков, различные точки зрения как отечественных, так и зарубежных ученых-экономистов. Для студентов и аспирантов вузов, а также всех тех, кто изучает рыночную экономику.
Jazyk:ruština
Vydáno: Москва, Дашков и К, 2007
Témata:
Médium: MixedMaterials Kniha
KOHA link:https://koha.lib.tpu.ru/cgi-bin/koha/opac-detail.pl?biblionumber=112171

MARC

LEADER 00000nam0a2200000 4500
001 112171
005 20231101215038.0
010 |a 5911310961 
035 |a (RuTPU)RU\TPU\book\121273 
090 |a 112171 
100 |a 20070323d2007 m y0rusy50 ca 
101 0 |a rus 
102 |a RU 
105 |a y j 000zy 
200 1 |a Экономическая теория  |e учебник  |f под ред. А. А. Кочеткова 
210 |a Москва  |c Дашков и К  |d 2007 
215 |a 608 с. 
330 |a В учебнике рассматриваются ключевые проблемы экономической теории, основанные на достижениях современной мировой науки и практики, с учетом специфики России. Дается представление о ведущих школах и направлениях современной экономической науки. Основное место в учебнике отведено проблемам рыночного хозяйства. Наиболее подробно рассматривается система экономических отношений и законов общественной жизни, различные типы рынков, различные точки зрения как отечественных, так и зарубежных ученых-экономистов. Для студентов и аспирантов вузов, а также всех тех, кто изучает рыночную экономику. 
451 1 |0 (RuTPU)RU\TPU\book\160418  |y 978-5-91131-876-5  |t Экономическая теория  |o учебник  |f под ред. А. А. Кочеткова  |e 2-е изд.  |c Москва  |n Дашков и К  |d 2009  |p 696 с. 
606 |a Экономическая теория  |2 stltpush  |3 (RuTPU)RU\TPU\subj\26589  |9 50481 
610 1 |a экономика 
610 1 |a экономические системы 
610 1 |a экономические отношения 
610 1 |a экономические законы 
610 1 |a собственность 
610 1 |a Россия 
610 1 |a товарное производство 
610 1 |a деньги 
610 1 |a микроэкономика 
610 1 |a рыночная экономика 
610 1 |a рыночная конкуренция 
610 1 |a ценообразование 
610 1 |a рынок труда 
610 1 |a рынок ценных бумаг 
610 1 |a макроэкономика 
610 1 |a совокупное потребление 
610 1 |a совокупное предложение 
610 1 |a совокупный спрос 
610 1 |a потребление 
610 1 |a сбережения 
610 1 |a инвестиции 
610 1 |a экономические циклы 
610 1 |a инфляция 
610 1 |a финансовая система 
610 1 |a бюджет 
610 1 |a бюджетная система 
610 1 |a бюджетный дефицит 
610 1 |a налоговая система 
610 1 |a социальная политика 
610 1 |a международная экономика 
610 1 |a учебники 
686 |a У011я73  |v LBC/SL-A  |2 rubbk 
702 1 |a Кочетков  |b А. А.  |g Александр Алексеевич  |4 340 
801 1 |a RU  |b 63413507  |c 20070323  |g PSBO 
801 2 |a RU  |b 63413507  |c 20221128  |g PSBO 
900 |a Экономическая теория 
900 |a Микроэкономика 
900 |a Макроэкономика 
942 |c BK 
959 |a 29/20070323  |d 1  |e 198,00  |f ЧЗГЛ:1